000 00746nam a2200205Ia 4500
001 19574
003 GE_BSU
008 181216s||||||||xx |||||||||||||| ||und||
040 _cGE_BSU
080 _a02
245 _aIFLA/UNESCO საჯარო ბიბლიოთეკის მანიფესტი
250 _aსაქ. პარლამენტის ეროვნული ბიბლ-კა
260 _aთბილისი
260 _bსაქ. პარლამ. ეროვნული ბიბლიოთეკა
260 _c2008
300 _a12გვ.
541 _h2ლ.30თ.
653 _aIFLA/UNESCO საჯარო ბიბლიოთეკის მანიფესტი
942 _cBK
999 _c52550
_d52550